00579nam a22001457a 4500999001900000082001000019100001900029245009700048260003500145300002700180942001300207650005000220700003900270952012400309 c535702d535702 a307.1 aRizwan, Fauzia aSustainable Water Supply System for Islamabad – The Capital of Pakistan / cFauzia Rizwan. aIslamabad:bNIT - NUST,c2018. a113 p. : ill. ;c30cm. 2ddccTHE aUrban & Regional Planning - MS Theses.930478 aSup Dr. Asghar Naeem Malik.930479 00102ddc406307_100000000000000709498798aCLbCLcTHEd2020-09-22l0o307.1pCL-T-5879r2020-09-22w2020-09-22yTHE